| 000 | 01541cam a2200325Ia 4500 | ||
|---|---|---|---|
| 001 | 6908719 | ||
| 003 | OSt | ||
| 005 | 20251008090143.0 | ||
| 008 | 081013s2008 miu b 000 0 eng d | ||
| 020 | _a9966805028 | ||
| 020 | _a9789966805027 | ||
| 035 | _a(OCoLC)ocn226167003 | ||
| 035 | _a(OCoLC)226167003 | ||
| 035 | _a(NNC)6908719 | ||
| 040 |
_aYDXCP _cBSU _dBTCTA _dBAKER _dTXA _dHNW _dOrLoB-B _dBSULIB _bEnglish |
||
| 043 | _af------ | ||
| 082 | 0 | 4 |
_a261.27 _222 _bAZU |
| 090 |
_aBP172 _b.A98 2008 |
||
| 100 | 1 |
_aAzumah, John Alembillah. _914086 |
|
| 245 | 1 | 0 |
_aMy neighbour's faith : _bIslam explained for Christians / _cJohn Azumah. |
| 260 |
_aGrand Rapids, Mich. : _bHippo Books, _c2008. |
||
| 300 |
_ax, 162 p. ; _c23 cm. |
||
| 504 | _aIncludes bibliographical references (p. [159]-162). | ||
| 505 | 0 | 0 |
_g1. _tIntroduction -- _g2. _tThe Challenges Posed by Islam -- _g3. _tIslam: Its Context, Prophet and Early History -- _g4. _tMainstream Muslim Beliefs and Practices -- _g5. _tScripture (Qur'an) and Tradition (Hadith) -- _g6. _tMain Divisions and Movements Within Islam -- _g7. _tIslamic Law (Shari'ah) -- _g8. _tIslamic Teaching on Women -- _g9. _tIslamic Teaching on People of Other Faiths -- _g10. _tJesus in Islam -- _g11. _tA Christian Response to Islam -- _g12. _tKey Theological and Missiological Questions -- _tKey Qur'anic Passages, Organised Thematically. |
| 650 | 0 |
_aIslam _xRelations _xChristianity. _97941 |
|
| 650 | 0 |
_aIslam _zAfrica. _914087 |
|
| 900 | _bTOC | ||
| 942 |
_2ddc _cRES |
||
| 948 | 1 |
_a20081031 _bc _csl13 _dMPS |
|
| 999 |
_c6543 _d6543 |
||